000 00967nam a2200265 a 4500
001 BRCA_5384
005 20190320205044.0
008 091210s1992----enka######---#000-0#eng-#
020 _a1840000856
041 _aeng
044 _aenk
050 4 _aN5208
_b.M55 1992
245 1 0 _aMiller´s antiques price guide
_b1993 (Volume XIV)
_ccompiled and edited by Judith and Martin Miller ; general editor Josephine Davis.
260 _aInglaterra
_bMillers
_c1992
300 _a799 p.
_bil.
_c28 cm.
500 _aIncluye directorio de especialistas, directorio de subastadores e índice alfabético
500 _aDonación Dr. Héctor Rivero Borrell Vázquez
651 4 _aAntigüedades
_xCatálogos
_ySubastas
_913771
651 4 _aArte
_vSubastas
_xColeccionistas y colecciones
_913772
700 1 _aMiller, Judith
_eEditora
_913773
700 1 _aMiller, Martin
_eEditor
_913774
700 1 _aDavis, Josephine
_eEditor general
_913775
902 _aDHR
942 _2lcc
_cB
999 _c5078
_d5078